[Event "Genova Province-ch"]
[Site "Genova"]
[Date "2015.02.19"]
[Round "6"]
[White "Dordoni, Riccardo"]
[Black "Saiano, Franco"]
[Result "0-1"]
[WhiteElo "1574"]
[BlackElo "1729"]
[PlyCount "82"]
[EventDate "2015.01.15"]
[EventType "swiss"]
[EventRounds "6"]
[EventCountry "ITA"]
[SourceTitle "EXT 2017"]
[Source "ChessBase"]
[SourceDate "2016.10.25"]
[SourceVersion "1"]
[SourceVersionDate "2016.10.25"]
[SourceQuality "1"]

1. e4 e5 2. Bc4 Nf6 3. Nc3 Bc5 4. f4 d6 5. Nf3 0-0 6. d3 a6 7. fxe5 dxe5 8. Bg5 Qd6 9. Qe2 b5 10. Bb3 Nc6 11. Nd5 Nxd5 12. Bxd5 Bd7 13. 0-0-0 Rab8 14. Be3 Nd4 15. Bxd4 Bxd4 16. Rhf1 Be6 17. Bxe6 Qxe6 18. Kb1 Qe7 19. h4 b4 20. Ng5 a5 21. Qh5 h6 22. Nf3 a4 23. Nd2 b3 24. cxb3 axb3 25. Nxb3 c5 26. g4 Rb6 27. g5 Be3 28. Rf3 Bf4 29. Rh1 Ra8 30. Rxf4 exf4 31. gxh6 Rxh6 32. Qxc5 Qe6 33. Qg5 Qa6 34. Nc1 Qd6 35. Rf1 Rc8 36. Qxf4 Qc6 37. Qxf7+ Kh8 38. Qf2 Rf6 39. Nb3 Rxf2 40. Rxf2 Qb6 41. Re2 Qg1+ 0-1